CÁTALOGO MUNICIPAL







Nacimiento de una utopía: (Registro nro. 5195)

Detalles MARC
000 -Cabecera (24)
Campo de control interno 01391nam a2200337Ia 4500
005 - Fecha y hora de la
Campo de control 20250704133415.0
008 - Códigos de longitud fija (40p)
Campo de control de longitud fija 210122b ###||||| |||| 00| 0 spa d
040 ## - Origen de la Catalogacion
Origen de la Catalogacion BIBLIOTECA MUNICIPAL DE BARRANCO
Transcribing agency BIBLIOTECA MUNICIPAL DE BARRANCO
041 ## - Código de idioma (R)
Código de lengua del texto/banda sonora o título independiente (R) spa
043 ## - Pais ISO
País ISO pe
082 ## - Número de la Clasificación
Número de la Clasificación 985.019
Número de documento/Ítem B94N 1988.
100 ## - Autor Personal
Autor Personal Burga, Manuel
245 #0 - Titulo
Titulo Nacimiento de una utopía:
Subtitulo muerte y resurrección de los incas /
Mencion del autor Manuel Burga ;
250 ## - Mencion de edicion
Edicion 1a ed.
260 ## - Pie de imprenta
Ciudad Lima:
Editorial Instituto de Apoyo Agrario,
Año 1988
300 ## - Descripcion
Páginas vii, 428 p., [45] p. de láms. :
Otros detalles físicos il. (algunas col.), diagrs., mapas ;
Dimensiones 21 cm.
500 ## - Nota General
Nota General Glosario: p. [403]-407.
504 ## - Nota Bibliografica
Nota bibliografica Bibliografía: p. [408]-426.
600 #0 - Punto de acceso adicional de materia - Nombre de persona (R)
9 (RLIN) 7700
Nombre de persona (NR) Atahualpa,Inca, 1500?-1533-Muerte y entierro.
650 #0 - Temas - Descriptores
9 (RLIN) 7701
Temas - Descriptores Incas-Historia.
650 #0 - Temas - Descriptores
9 (RLIN) 7702
Temas - Descriptores Indígenas del Perú-Ritos y ceremonias-Siglos XVI-XVII.
650 #0 - Temas - Descriptores
9 (RLIN) 7703
Temas - Descriptores Indígenas del Perú-Religión y mitología-Siglos XVI-XVII.
650 #0 - Temas - Descriptores
9 (RLIN) 7704
Temas - Descriptores Cristianismo-Perú-Historia-Siglo XVII.
650 #0 - Temas - Descriptores
9 (RLIN) 7705
Temas - Descriptores Cosmogonía andina-Perú.
650 #0 - Temas - Descriptores
9 (RLIN) 7706
Temas - Descriptores Incas-Historiografía.
651 #0 - Nombre geográfico (R)
9 (RLIN) 7707
Nombre geográfico (NR) Perú-Historia-Descubrimiento y Conquista, 1519-1536.
651 #0 - Nombre geográfico (R)
9 (RLIN) 7708
Nombre geográfico (NR) Perú-Historia-Época Colonial.
710 ## - Autor Corporativo
9 (RLIN) 1031
Nombre de entidad corporativa o nombre de jurisdicción como elemento inicial (NR Instituto de Apoyo Agrario (Lima)
942 ## - Datos personalizados Koha
Tipo de Documento Libros
Esquema de Clasificacion Dewey Decimal Classification
Catalogador AAOH
Fecha procesamiento 2025-07-04
Existencias
Fuente de Clasificacion Deterioro (estado) Ubicacion permanente Ubicacion actual Fecha de Ingreso a la Biblioteca Numero inventario Prestamos Signatura Topográfica Código de barras Ultima fecha de verificacion Tipo de Item Ubicación en edificio Precio dolares Ejemplar
Dewey Decimal Classification   Biblioteca Municipal Manuel Beingolea Biblioteca Municipal Manuel Beingolea 01/08/2020 005166   985.019 B94N 1988 005166 09/09/2022 Libros Estantería cerrada    
Dewey Decimal Classification   Biblioteca Municipal Manuel Beingolea Biblioteca Municipal Manuel Beingolea 01/08/2020 005602   985.019 B94N 1988 005602 09/09/2022 Libros Sala - Estantería abierta   Ej.2

  

  GERENCIA DE CULTURA Y TURISMO

  Biblioteca Municipal de Barranco

  Auspiciado por la Municipalidad Distrial de Barranco

  Horario de atención: De lunes a sábado de 8:00 am a 5:00 pm.

  Correo electrónico: biblioteca@munibarranco.gob.pe

  Teléfono :203-6730, anexo 303


Ubicación